Atlas of Human Anatomy (Record no. 135)

MARC details
000 -LEADER
fixed length control field 00517nam a22002057a 4500
003 - CONTROL NUMBER IDENTIFIER
control field OSt
005 - DATE AND TIME OF LATEST TRANSACTION
control field 20190502171312.0
008 - FIXED-LENGTH DATA ELEMENTS--GENERAL INFORMATION
fixed length control field 140707b xxu||||| |||| 00| 0 eng d
020 ## - INTERNATIONAL STANDARD BOOK NUMBER
International Standard Book Number 9781416059516
040 ## - CATALOGING SOURCE
Transcribing agency DNLM
082 ## - DEWEY DECIMAL CLASSIFICATION NUMBER
Classification number QS4 N38a 2011
Item number N
100 ## - MAIN ENTRY--PERSONAL NAME
Personal name Netter Frank H
9 (RLIN) 359
245 ## - TITLE STATEMENT
Title Atlas of Human Anatomy
250 ## - EDITION STATEMENT
Edition statement 5th ed.
260 ## - PUBLICATION, DISTRIBUTION, ETC. (IMPRINT)
Place of publication, distribution, etc. Philadelphia;
Name of publisher, distributor, etc. Saunders,
Date of publication, distribution, etc. 2011
300 ## - PHYSICAL DESCRIPTION
Extent 532p;
Other physical details col.ill
Dimensions 28.5cm
504 ## - BIBLIOGRAPHY, ETC. NOTE
Bibliography, etc References, index included
650 ## - SUBJECT ADDED ENTRY--TOPICAL TERM
Topical term or geographic name as entry element Anatomy
9 (RLIN) 124
942 ## - ADDED ENTRY ELEMENTS (KOHA)
Source of classification or shelving scheme Other/Generic Classification Scheme
Koha item type Book Bank
Holdings
Withdrawn status Lost status Source of classification or shelving scheme Damaged status Not for loan Home library Current library Date acquired Source of acquisition Inventory number Total Checkouts Full call number Barcode Date last seen Koha item type Date last checked out Cost, replacement price
    Other/Generic Classification Scheme     MUST Main Library MUST Main Library 07/07/2014   14/37461   QS17 N38a 2011 2014-0243 07/07/2014 Book Bank    
    Other/Generic Classification Scheme     MUST Main Library MUST Main Library 07/07/2014   14/37460 2 QS17 N38a 2011 2014-0244 12/09/2025 Book Bank 07/02/2023  
    Other/Generic Classification Scheme     Main Kihumuro Campus Main Kihumuro Campus 07/07/2014 Purchase 14/37459   QS17 N38a 2011 2014-0242 07/07/2014 Book Bank    
    Other/Generic Classification Scheme     Main Kihumuro Campus Main Kihumuro Campus 02/05/2019 Purchase 12/36260   QS17 N38a 2011 2019-0017 02/05/2019 Book Bank   0.00